00573nam a2200169Ia 4500008004100000020001800041041000800059082001700067100001800084245006500102250000600167260004500173300001200218650002800230999001900258952012600277210716s2010 xx 000 0 und d a9780199599189 aeng a658.406 GRIJ aGrieves, Jim. aOrganizational change:themes and issues.bThemes and issues. a1 aNew DelhibOxford University Pressc2010 axxx,410 aOrganisational Behavior c206787d206787 001040708MBAaAIMITbAIMITd2011-10-11g350.00l0o658.406 GRIJpMBA09353r2026-05-23 00:00:00v262.50w2021-07-16yBK